00585nam a2200217Ia 450000500170000000800410001702000150005808200210007324500250009426000380011930000170015765000110017465000080018565000100019365000130020365000170021670000160023394200060024995200970025599900150035220250115055408.0240331s9999 xx 000 0 und d a041506127X bTER23730a305.3 0aGendered Anthropolgy aLondonaNew YorkbRoutledgec1993 axii, 227 p., aGender aSex aWomen aPolitics aAnthropology aValle, D. T cL 001040708LaWERCLbWERCLcSSCd2024-03-31l0o 305.3 GENp3730r2024-03-31w2024-03-31yL c1580d1580